Top 10 krajów z najwyższym średnim wzrostem mężczyzn - Statystyki

Ogólne statystyki
  • Ten quiz został rozwiązany 60 razy
  • Średni wynik to 6 z 11
Statystyki odpowiedzi
Średni wzrost Kraj % Poprawnych
183,8 cm Holandia
93%
181,9 cm Dania
67%
181,2 cm Czechy
59%
181,2 cm Litwa
59%
181 cm Słowacja
59%
182,8 cm Estonia
57%
181 cm Słowenia
50%
182,1 cm Islandia
48%
181 cm Ukraina
48%
182,5 cm Bośnia i Hercegowina
41%
183,3 cm Czarnogóra
37%
Nie znaleziono quizów pasujących do podanych kryteriów
Rozkład punktacji
Procent ludzi z każdym wynikiem
Percentyl według liczby udzielonych odpowiedzi
Twoja historia wyników
Nie rozwiązałeś tego quizu